000 00608nam a2200181Ia 4500
008 090124s9999 xx 000 0 und d
082 _b108576
100 _aदेशपांडे वा.ह.( वामन हरि )
245 _a घरंदाज गायकी
250 _a1
260 _c1961
300 _a8+133
600 _aदेशपांडे वा.ह.( वामन हरि )
630 _a घरंदाज गायकी
700 _aदेशपांडे वा.ह.( वामन हरि )
730 _a घरंदाज गायकी
942 _cBOOK
999 _c154667
_d154667